Normal view
MARC view
Entry Topical Term
001 - CONTROL NUMBER
- control field: 12619
003 - CONTROL NUMBER IDENTIFIER
- control field: OSt
005 - DATE AND TIME OF LATEST TRANSACTION
- control field: 20180420191635.0
008 - FIXED-LENGTH DATA ELEMENTS
- fixed length control field: 180420|| aca||aabn | a|a d
040 ## - CATALOGING SOURCE
- Original cataloging agency: OSt
- Transcribing agency: OSt
150 ## - HEADING--TOPICAL TERM
- Topical term or geographic name entry element: Markets
670 ## - SOURCE DATA FOUND
- Source citation: Work cat.: (OSt): Chaffey, Dave 12618, Digital Business and E-commerce Management:strategies, implementation and practice
